Les Meilleurs buteurs de la Bundesliga 2011-2012 - Statistiques

Statistiques générales
  • Ce quiz a été pris 16 fois
  • Le résultat moyen est 7 sur 11
Statistiques - réponses
Buts Nationalité Club Joueur % Correct
22 Pologne Borussia Dortmund Robert Lewandowski
100%
29 Pays-Bas Schalke 04 Klaas-Jan Huntelaar
94%
26 Allemagne Bayern Munich Mario Gómez
94%
15 Espagne Schalke 04 Raúl
94%
18 Pérou Werder Brême Claudio Pizarro
88%
13 Japon Borussia Dortmund Shinji Kagawa
88%
18 Allemagne FC Cologne Lukas Podolski
44%
18 Allemagne Borussia Mönchengladbach Marco Reus
31%
16 Allemagne Bayer Leverkusen Stefan Kießling
31%
13 Bosnie-Herzégovine VfB Stuttgart Vedad Ibišević
31%
17 Autriche VfB Stuttgart Martin Harnik
0%
Aucun quiz correspondant
Distribution des résultats
% des personnes avec chaque résultat
Percentile par nombre de réponses
Votre historique - résultats
Vous n’avez pas pris ce quiz